000 00413nam a2200181Ia 4500
001 4868
005 20260306145826.0
008 260306t2005||||xx |||||||||||||| ||spa||
041 _aESP
082 _a330.985
_bI49
100 _aIndacochea, Alejandro
_eAUT
245 0 _aJunín competitivo
260 _c2005
300 _a252 páginas :
_ccm.
650 _aGEN
654 _aCAN
942 _cLIB
_dJUS
_fJUS
_2ddc
_n
999 _c4868
_d4868